[Event "LEM Schleswig-Holstein 2013"]
[Site "Neumuenster GER"]
[Date "2013.03.24"]
[Round "2.1"]
[White "Koop,S"]
[Black "Kopylov,M"]
[Result "0-1"]
[WhiteElo "2049"]
[BlackElo "2465"]

1.e4 d5 2.exd5 Qxd5 3.Nc3 Qd6 4.d4 Nf6 5.Be3 a6 6.Bd3 Nc6 7.Ne4 Qb4+ 8.c3 Qxb2
9.Ne2 e6 10.Nxf6+ gxf6 11.O-O Bd6 12.c4 b6 13.c5 bxc5 14.Qa4 Bd7 15.Rfb1 Nb4
16.Qd1 Qa3 17.Be4 Rd8 18.Bc1 Qa4 19.Qd2 cxd4 20.a3 Nc6 21.Bb2 Rg8 22.Qh6 Ke7
23.Ng3 Ne5 24.Bxh7 Ng4 25.Qh4 Rg7 26.Bd3 c5 27.Nh5 Bxh2+ 28.Kh1 Rh8 29.f3 Rxh5
30.Qxh5 Nf2+ 31.Kxh2 Nxd3 32.Qh6 Rg6 33.Qd2 Ne5 34.Re1 Qb3 35.Bc1 Qd5 36.Re4 Nxf3+  0-1

[Event "TCh-AUT 2 Mitte 2012-13"]
[Site "St. Veit/Glan AUT"]
[Date "2013.03.24"]
[Round "8.3"]
[White "Kotz,H"]
[Black "Schmidt,Pe1"]
[Result "1/2-1/2"]
[WhiteElo "2353"]
[BlackElo "2386"]

1.e4 d5 2.exd5 Qxd5 3.Nc3 Qd6 4.d4 Nf6 5.Nf3 c6 6.Ne5 Nbd7 7.Bf4 Nxe5 8.dxe5 Qb4
9.Qd2 Nd5 10.Nxd5 Qxd2+ 11.Bxd2 cxd5 12.c4 dxc4 13.Bxc4 Bd7 14.O-O e6 15.Rac1 Bc6
16.f4 g6 17.Be2 O-O-O 18.Ba5 Rd5 19.b4 Rd2 20.Bf3 Kb8 21.Bxc6 bxc6 22.Rf2 Rxf2
23.Kxf2 Bh6 24.Kf3 g5 25.fxg5 Bxg5 26.Rxc6 Bd8 27.Bxd8 Rxd8 28.Rc4 Rd3+ 29.Ke2 Ra3
30.Rg4 Rxa2+ 31.Kd3 Kc7 32.Rg7 Kc6 33.Rxf7 Rxg2 34.Rxh7 Kd5 35.Rxa7 Kxe5
36.Rh7 Kd5 37.Rd7+ Ke5 38.Rh7 Kd5 39.Rd7+ Ke5 40.Rh7  1/2-1/2

[Event "29th Spring Festival"]
[Site "Budapest HUN"]
[Date "2013.03.25"]
[Round "7.11"]
[White "Gal,Han"]
[Black "Marcu,Simon"]
[Result "1-0"]
[WhiteElo "2057"]
[BlackElo "1910"]

1.e4 d5 2.exd5 Qxd5 3.Nc3 Qd8 4.d4 c6 5.Nf3 Bg4 6.Bc4 e6 7.Be3 Nf6 8.h3 Bh5
9.g4 Bg6 10.Ne5 Bd6 11.Qe2 Nbd7 12.Bg5 Be7 13.h4 Bb4 14.O-O-O Bxc3 15.bxc3 Be4
16.Rhe1 Bd5 17.Bxd5 cxd5 18.Nxf7 Kxf7 19.Qxe6+ Kf8 20.Bf4 Ne8 21.Bd6+ Nxd6
22.Qxd6+ Kf7 23.Qxd5+ Kf8 24.Qd6+ Kf7 25.Qe6+ Kf8 26.Rd3 Nf6 27.g5 Qd7 28.gxf6 Qxe6
29.Rxe6 Kf7 30.Re7+ Kxf6 31.Rxb7 g5 32.Rf3+ Kg6 33.Rg3 h6 34.hxg5 hxg5 35.Rb5  1-0

[Event "6th Montalvo Open"]
[Site "Las Palmas ESP"]
[Date "2013.03.27"]
[Round "3.4"]
[White "Bergez,L"]
[Black "Alvarado Diaz,A"]
[Result "1/2-1/2"]
[WhiteElo "2375"]
[BlackElo "2251"]

1.e4 d5 2.exd5 Qxd5 3.Nc3 Qd6 4.d4 Nf6 5.Bd3 g6 6.Nge2 Bg7 7.Bf4 Qd8 8.Qd2 c6
9.O-O O-O 10.Rfe1 Nbd7 11.Bh6 e5 12.Bxg7 Kxg7 13.Rad1 c5 14.dxe5 Nxe5 15.Qf4 Nxd3
16.Rxd3 Qb6 17.Rd6 Nh5 18.Qe5+ f6 19.Rxb6 fxe5 20.Rd6 Bf5 21.h3 Nf4 22.Ng3 Rae8
23.Nb5 Re7 24.Nxf5+ gxf5 25.Kh2 b6 26.Re3 Rf6 27.Rd8 Rf8 28.Rxf8 Kxf8 29.Nd6 Rd7
30.Nxf5 Rd2 31.Rxe5 Ng6 32.Re4 Rxc2 33.f4 Rxb2 34.h4 Rb4 35.Rxb4 cxb4 36.Kg3 Ne7
37.Nxe7  1/2-1/2

[Event "O2C Doeberl Cup Premier 2013"]
[Site "Canberra AUS"]
[Date "2013.03.28"]
[Round "2.20"]
[White "Wei,M"]
[Black "Davis,T2"]
[Result "1-0"]
[WhiteElo "2104"]
[BlackElo "1936"]

1.e4 d5 2.exd5 Qxd5 3.Nc3 Qd6 4.d4 Nf6 5.Nf3 c6 6.Ne5 Nbd7 7.Nc4 Qc7 8.g3 Nb6
9.Bf4 Qd8 10.Ne5 Bf5 11.Bg2 Rc8 12.O-O e6 13.g4 Bg6 14.h4 Nfd5 15.Bg3 f6
16.Nxg6 hxg6 17.Qe2 Kf7 18.Ne4 Nc7 19.Rad1 Qe8 20.c4 Be7 21.Nc5 Bxc5 22.dxc5 Nba8
23.b4 Kg8 24.Rd6 Qf7 25.Rfd1 Re8 26.b5 cxb5 27.cxb5 b6 28.Rd7 Re7 29.c6 Kh7
30.Rxe7 Qxe7 31.Rd7 Qc5 32.Bxc7 Nxc7 33.Rxc7 Qc1+ 34.Bf1  1-0

[Event "Pobeskydi Open 2013"]
[Site "Frydek-Mistek CZE"]
[Date "2013.03.28"]
[Round "1"]
[White "Taus,M"]
[Black "Trombik,K"]
[Result "1-0"]
[WhiteElo "2169"]
[BlackElo "2041"]

1.e4 d5 2.exd5 Qxd5 3.Nc3 Qd6 4.g3 c6 5.Bg2 Nf6 6.Nge2 Bf5 7.O-O e6 8.d3 Be7
9.b4 a6 10.a4 Nd5 11.Ne4 Bxe4 12.dxe4 Nc7 13.Qxd6 Bxd6 14.Rd1 Be5 15.Ra3 O-O
16.Rad3 a5 17.b5 cxb5 18.axb5 Nxb5 19.Rb3 Nc7 20.Ba3 Re8 21.f4 Bf6 22.e5 Bd8
23.Bxb7 Ra7 24.Bc5 a4 25.Bxa7 axb3 26.Bxb8 bxc2 27.Rc1 Nb5 28.Bd6  1-0

[Event "HEM Master Open 2013"]
[Site "Korbach GER"]
[Date "2013.03.28"]
[Round "2.5"]
[White "Kearns,C"]
[Black "Stockmann,M"]
[Result "1/2-1/2"]
[WhiteElo "2134"]
[BlackElo "2276"]

1.e4 d5 2.exd5 Qxd5 3.Nc3 Qd6 4.d4 c6 5.Bc4 Nf6 6.Nge2 e6 7.Bf4 Qd8 8.O-O Nbd7
9.Re1 Nb6 10.Bb3 Nbd5 11.Be5 Be7 12.Ng3 Nxc3 13.bxc3 O-O 14.Qf3 Qa5  1/2-1/2

[Event "40th La Roda Open"]
[Site "La Roda ESP"]
[Date "2013.03.28"]
[Round "3.9"]
[White "Tudela Corbalan,C"]
[Black "Perez Mitjans,O"]
[Result "1-0"]
[WhiteElo "2232"]
[BlackElo "2487"]

1.e4 d5 2.exd5 Qxd5 3.Nc3 Qd6 4.d4 Nf6 5.Nf3 Bg4 6.h3 Bh5 7.g4 Bg6 8.Ne5 Nbd7
9.Nb5 Qb6 10.Be3 c6 11.d5 Qa5+ 12.b4 Qd8 13.Nxg6 hxg6 14.dxc6 bxc6 15.Nd4 Nd5
16.Nxc6 Nxe3 17.fxe3 Qb6 18.Qf3 e6 19.a3 Be7 20.O-O-O Bg5 21.Rd3 Nf6 22.c4 a5
23.c5 Qb7 24.Ne5 Nd5 25.Rxd5 exd5 26.Bb5+ Kf8 27.Bc6 Qa7 28.Bxa8 axb4 29.Qxd5 Bf6
30.Bb7 Qxa3+ 31.Kb1  1-0

[Event "6th Montalvo Open"]
[Site "Las Palmas ESP"]
[Date "2013.03.28"]
[Round "5.11"]
[White "Marrero Cardenes,Agustin"]
[Black "Alvarado Diaz,A"]
[Result "0-1"]
[WhiteElo "1959"]
[BlackElo "2251"]

1.e4 d5 2.exd5 Qxd5 3.Nc3 Qd6 4.d4 Nf6 5.Bc4 c6 6.Nge2 Bf5 7.Bf4 Qb4 8.Bb3 e6
9.O-O Qb6 10.Ng3 Bg6 11.f3 Be7 12.Nce4 O-O 13.c3 Nd5 14.Qd2 Nxf4 15.Qxf4 a5
16.Kh1 Na6 17.Bc4 Nc7 18.Rad1 Nd5 19.Qc1 Rad8 20.f4 Rfe8 21.Rf2 Bh4 22.Bd3 Qc7
23.Nc5 Nf6 24.Bxg6 hxg6 25.Rf3 Rd5 26.Nf1 Ng4 27.g3 Be7 28.Nd3 c5 29.h3 Nf6
30.Ne3 Rdd8 31.Nc2 cxd4 32.Nxd4 Rd5 33.Kh2 Red8 34.Re1 b5 35.Ne5 Rc8 36.Ndc6 Bd6
37.Rd1 Rc5 38.Nxa5 Bxe5 39.fxe5 Rxe5 40.Nb3 Re2+ 41.Kg1 Qa7+ 42.Kf1 Rh2 43.a3 Qb7
44.Qe3 Rxh3 45.Kg2 Rh2+ 46.Kxh2 Ng4+ 47.Kh3 Nxe3 48.Rxe3 Qe7 49.Nd4 Qg5 50.Rde1 Rc5
51.Re4 e5 52.Nf3 Qf5+ 53.Kg2 f6 54.g4 Qd7 55.R1e2 Qc6 56.Kg3 Rc4 57.Nd2 Rxe4
58.Nxe4 Qc4 59.Kf3 f5 60.Nf2 Qf4+ 61.Kg2 e4 62.gxf5 gxf5 63.Nd1 Qf3+  0-1

[Event "ch-SRB w 2013"]
[Site "Pirot SRB"]
[Date "2013.03.28"]
[Round "6"]
[White "Zarkovic,M"]
[Black "Petrovic,Mari"]
[Result "1-0"]
[WhiteElo "2053"]
[BlackElo "2166"]

1.e4 d5 2.exd5 Qxd5 3.Nc3 Qd6 4.d4 Nf6 5.Nf3 a6 6.Bc4 e6 7.O-O b5 8.Bb3 c5
9.dxc5 Qxd1 10.Rxd1 Bxc5 11.Bf4 Nbd7 12.Ng5 Bb7 13.Bd6 h6 14.Nf3 Bxd6 15.Rxd6 Ke7
16.Rad1 Rhd8 17.Ne1 b4 18.Na4 Nd5 19.Bxd5 exd5 20.Rxd7+ Rxd7 21.Nb6 Rc7 22.Nxa8 Bxa8
23.f3 a5 24.Kf2 Kd6 25.Ke3 Bb7 26.Kd2 Re7 27.Nd3 g5 28.c3 bxc3+ 29.bxc3 Ba6
30.Rb1 Rb7 31.Rxb7 Bxb7 32.Ke3 Ba6 33.Kd4 f6 34.Nc5 Bc8 35.g3 h5 36.h4 Kc6
37.Nb3 a4 38.Nc5 a3 39.Nd3 gxh4 40.gxh4 Kd6 41.Nb4 Bh3 42.Nxd5 Bg2 43.Nxf6 Bxf3
44.Ne4+ Kc7 45.Nd2 Bd1 46.c4 Kc6 47.Nb1 Bb3 48.Nxa3 Bxa2 49.Nc2 Bb1 50.Nb4+ Kd6
51.Nd3 Ba2 52.Nf4 Ke7 53.Nxh5 Bb1 54.Ke5 Ba2 55.c5 Kd7 56.Nf6+ Ke7 57.Nd5+ Kd7
58.c6+  1-0

[Event "36th San Sebastian Open"]
[Site "Donostia ESP"]
[Date "2013.03.30"]
[Round "9.5"]
[White "Gonzalez Perez,A"]
[Black "Andres Gonzalez,A"]
[Result "0-1"]
[WhiteElo "2454"]
[BlackElo "2542"]

1.e4 d5 2.exd5 Qxd5 3.Nc3 Qd6 4.d4 Nf6 5.Nf3 c6 6.Ne5 Nbd7 7.Nc4 Qc7 8.g3 Nb6
9.Ne5 Bf5 10.Bg2 e6 11.O-O Bd6 12.Qe2 h6 13.Nd1 Bh7 14.b3 O-O 15.Bb2 a5 16.a3 Nbd7
17.f4 Rfd8 18.Kh1 Rac8 19.c4 c5 20.Nc3 cxd4 21.Nb5 Qb6 22.Bxd4 Bc5 23.Bc3 Nxe5
24.Qxe5 Rd3 25.b4 Bf8 26.bxa5 Qa6 27.Bb4 Nd7 28.Qb2 Rxc4 29.Bxf8 Nxf8 30.Rac1 Rxc1
31.Rxc1 Qxa5 32.Bxb7 Rd2 33.Qb3 Qb6 34.Bg2 Be4 35.Rg1 Bxg2+ 36.Rxg2 Qc6  0-1

[Event "6th Montalvo Open"]
[Site "Las Palmas ESP"]
[Date "2013.03.30"]
[Round "8.4"]
[White "Espinoza Palomino,W"]
[Black "Kurajica,B"]
[Result "0-1"]
[WhiteElo "2284"]
[BlackElo "2539"]

1.e4 d5 2.exd5 Qxd5 3.Nc3 Qd6 4.d4 Nf6 5.Bd3 g6 6.Nf3 Bg7 7.O-O O-O 8.Ne4 Nxe4
9.Bxe4 Nd7 10.c3 c5 11.Be3 cxd4 12.Nxd4 a6 13.Nb3 Qc7 14.Qe2 e5 15.Rad1 Re8
16.Bb1 b5 17.Rd2 Nb6 18.Na5 f5 19.Qf3 Be6 20.Rfd1 Na4 21.Qc6 Qxc6 22.Nxc6 Rac8
23.Nd8 Nxb2 24.Nxe6 Nxd1 25.Nxg7 Red8 26.Ne6 Rxd2 27.Bxd2 Nxc3 28.Bc2 Ne2+
29.Kf1 Rxc2 30.Kxe2 Rxa2 31.Nc5 Kf7 32.f3 a5 33.Kd3 b4 34.h4 Ke7 35.g3 Kd6
36.Nb3 Kd5  0-1

[Event "7th Philadelphia Open"]
[Site "Philadelphia USA"]
[Date "2013.03.30"]
[Round "6"]
[White "Shen,A"]
[Black "Cheng,Bi"]
[Result "1-0"]
[WhiteElo "2227"]
[BlackElo "2409"]

1.e4 d5 2.exd5 Qxd5 3.Nc3 Qd6 4.d4 Nf6 5.Nb5 Qd8 6.c4 c6 7.Nc3 g6 8.h3 Bg7
9.Nf3 O-O 10.Be2 Bf5 11.O-O Ne4 12.Nxe4 Bxe4 13.Qb3 Qb6 14.Be3 Na6 15.Qxb6 axb6
16.a3 Nc7 17.Rad1 b5 18.Ng5 Bf5 19.Bf4 Rac8 20.Bxc7 Rxc7 21.cxb5 cxb5 22.Bxb5 Rc2
23.b3 Rc3 24.Bc4 Bc2 25.Rd2 Bxb3 26.Bxb3 Rxb3 27.Nf3 Ra8 28.Rc2 Bf6 29.Ra1 Raxa3
30.Rxa3 Rxa3 31.Rb2 Ra7 32.g4 h6 33.Kg2 Kf8 34.Kg3 Ke8 35.Ne5 Bxe5+ 36.dxe5 Kd7
37.f4 Ra3+ 38.Kh4 Kc7 39.Rc2+ Kb8 40.Rd2 Rc3 41.Rd7 Rc7 42.Rd8+ Ka7 43.e6 fxe6
44.Rg8 e5 45.Rxg6 exf4 46.Rxh6 Rc1 47.Re6 Rc8 48.g5 Rf8 49.Rxe7 f3 50.Re1 b5
51.g6 f2 52.Rf1 b4 53.Kg5 b3 54.g7 Rg8 55.Kg6 b2 56.Kf7 Rb8 57.Rb1 Ka6 58.g8=Q Rxg8
59.Kxg8 Ka5 60.h4 Ka4 61.h5 Ka3 62.Rf1  1-0

[Event "ch-SRB w 2013"]
[Site "Pirot SRB"]
[Date "2013.03.30"]
[Round "8"]
[White "Stojanovic,Andj"]
[Black "Petrovic,Mari"]
[Result "1-0"]
[WhiteElo "2258"]
[BlackElo "2166"]

1.e4 d5 2.exd5 Qxd5 3.Nc3 Qd6 4.d4 Nf6 5.Nf3 a6 6.g3 g6 7.Bg2 Bg7 8.O-O O-O
9.Bf4 Qd8 10.Re1 Nbd7 11.Qe2 e6 12.Rad1 Nb6 13.Be5 Bd7 14.Bxf6 Bxf6 15.Ne5 Rb8
16.Ne4 Bg7 17.Nc5 Bc8 18.c4 c6 19.b3 Qc7 20.h4 Nd7 21.Ncxd7 Bxd7 22.h5 Rbd8
23.c5 Bc8 24.Qe3 Qe7 25.Bf3 Bf6 26.Kg2 Bg5 27.Qe2 Kg7 28.Nc4 Bf6 29.Nd6 Rxd6
30.cxd6 Qxd6 31.hxg6 hxg6 32.Rh1 Rd8 33.Qe3 Kf8 34.Rh7 Ke8 35.Qh6 Qf8 36.Qf4 Qe7
37.Be4 e5 38.dxe5 Rxd1 39.exf6 Qf8 40.Qc7 Rd8 41.Rh8  1-0

[Event "e2e4 Dublin Masters"]
[Site "Dublin IRL"]
[Date "2013.03.31"]
[Round "7"]
[White "Creighton,Terry"]
[Black "Madynski,P"]
[Result "0-1"]
[WhiteElo "1756"]
[BlackElo "2070"]

1.e4 d5 2.exd5 Qxd5 3.Nc3 Qd6 4.d4 Nf6 5.Nf3 Bg4 6.Be2 a6 7.O-O Nc6 8.Be3 e6
9.Qd2 O-O-O 10.Rfd1 h6 11.a3 Nd5 12.Ne4 Qd7 13.c4 Nxe3 14.fxe3 f5 15.Nc3 f4
16.b4 fxe3 17.Qxe3 Bxf3 18.Bxf3 Nxd4 19.Qe4 c5 20.b5 a5 21.Na4 Qc7 22.Rxd4 Rxd4
23.Qxe6+ Kb8 24.Bd5 Bd6 25.Rf1 Bxh2+ 26.Kf2 Qf4+ 27.Ke2 Qd2+ 28.Kf3 Rf4+  0-1

[Event "Pobeskydi Open 2013"]
[Site "Frydek-Mistek CZE"]
[Date "2013.03.31"]
[Round "8"]
[White "Novotny,Adam"]
[Black "Cempel,J"]
[Result "0-1"]
[WhiteElo "1915"]
[BlackElo "2228"]

1.e4 d5 2.exd5 Qxd5 3.Nc3 Qd6 4.d4 Nf6 5.Nf3 c6 6.g3 g6 7.Bg2 Bg7 8.O-O O-O
9.Ne2 Be6 10.c3 Bd5 11.Re1 Re8 12.Nf4 e6 13.Nd3 Qd8 14.b3 Nbd7 15.h3 a5 16.Bb2 a4
17.c4 Be4 18.Nde5 Bxf3 19.Qxf3 axb3 20.axb3 Rxa1 21.Rxa1 Nxe5 22.dxe5 Nd7
23.Qe3 Qc7 24.f4 g5 25.Rd1 gxf4 26.gxf4 Nf8 27.Bd4 Ng6 28.Bb6 Qe7 29.Qd4 Qb4
30.Qe3 Bh6 31.Rd7 Bxf4 32.Qf2 Qxb3 33.Rxb7 Ra8 34.h4 Ra1+ 35.Bf1 h5 36.Qg2 Ra2
37.Be2 Be3+  0-1

[Event "40th La Roda Open"]
[Site "La Roda ESP"]
[Date "2013.03.31"]
[Round "9.8"]
[White "Perez Mitjans,O"]
[Black "Monell Camarasa,D"]
[Result "1-0"]
[WhiteElo "2487"]
[BlackElo "2266"]

1.e4 d5 2.exd5 Qxd5 3.Nc3 Qd8 4.Nf3 Nf6 5.d4 c6 6.Bc4 Nbd7 7.Qe2 Nb6 8.Bb3 Bf5
9.Ne5 e6 10.g4 Bg6 11.f4 Be7 12.h4 Nbd5 13.Nxd5 Nxd5 14.h5 f6 15.Nxc6 bxc6
16.hxg6 Bb4+ 17.c3 Nxc3 18.bxc3 Bxc3+ 19.Bd2 Bxa1 20.Rxh7 Rf8 21.Qxe6+ Qe7
22.Qxe7+ Kxe7 23.Bb4+ c5 24.Bxc5+ Kd7 25.Rxg7+ Kc6 26.Bxf8 Rxf8 27.Rh7  1-0

[Event "Mexico International Open"]
[Site "Puebla MEX"]
[Date "2013.03.31"]
[Round "9.5"]
[White "Aleskerov,F"]
[Black "Moradiabadi,E"]
[Result "1/2-1/2"]
[WhiteElo "2409"]
[BlackElo "2565"]

1.e4 d5 2.exd5 Qxd5 3.Nc3 Qd6 4.Nf3 Nf6 5.d4 a6 6.g3 Bg4 7.Bg2 c6 8.O-O e6
9.Bf4 Qd8 10.h3 Bxf3 11.Bxf3 Bd6 12.Ne4 Nxe4 13.Bxe4 Nd7 14.c3 O-O 15.Qb3 Rb8
16.Rfe1 a5 17.Rad1  1/2-1/2

[Event "e2e4 Dublin Masters"]
[Site "Dublin IRL"]
[Date "2013.04.01"]
[Round "9"]
[White "Petrov,Marij"]
[Black "Kalinins,Valentine"]
[Result "0-1"]
[WhiteElo "2508"]
[BlackElo "2074"]

1.e4 d5 2.exd5 Qxd5 3.Nc3 Qd6 4.d4 Nf6 5.Nf3 a6 6.a3 Nc6 7.d5 Ne5 8.Be2 Nxf3+
9.Bxf3 g6 10.g3 Bg7 11.O-O Bh3 12.Re1 O-O 13.Bf4 Qd7 14.a4 Rfe8 15.a5 Rad8
16.Qe2 e6 17.dxe6 Rxe6 18.Qc4 c6 19.Red1 Qxd1+  0-1

[Event "ch-SRB w 2013"]
[Site "Pirot SRB"]
[Date "2013.04.01"]
[Round "10"]
[White "Zarkovic,M"]
[Black "Stojanovic,Andj"]
[Result "1-0"]
[WhiteElo "2053"]
[BlackElo "2258"]

1.e4 d5 2.exd5 Qxd5 3.Nc3 Qd6 4.d4 Nf6 5.Nge2 a6 6.Bf4 Qd8 7.Qd2 e6 8.O-O-O Be7
9.f3 O-O 10.Kb1 b5 11.Ne4 Nbd7 12.N2c3 Bb7 13.Qe1 b4 14.Na4 Nd5 15.Bc1 Bc6
16.Nac5 Nxc5 17.dxc5 Bb5 18.Qg3 Kh8 19.Bd3 Bxd3 20.Rxd3 c6 21.b3 Qb8 22.f4 f5
23.Bb2 Rg8 24.Be5 Qe8 25.Ng5 Bf6 26.Re1 Ra7 27.Qh4 Bxg5 28.Qxg5 Qe7 29.Qh6 Nf6
30.Bxf6 gxf6 31.Rd6 Rg6 32.Qh3 e5 33.Qxf5 Rxg2 34.fxe5 fxe5 35.Rxe5 Rg1+
36.Kb2 Qf7 37.Qc8+ Kg7 38.Qxc6 Rc7 39.Qe4 h6 40.Rde6 Qf1 41.Re7+ Rxe7 42.Rxe7+ Kf8
43.Re8+ Kf7 44.Qe6+ Kg7 45.Qg8+  1-0

[Event "ch-ISR 2013"]
[Site "Acre ISR"]
[Date "2013.04.06"]
[Round "1.15"]
[White "Svoisky,D"]
[Black "Caspi,I"]
[Result "1/2-1/2"]
[WhiteElo "2227"]
[BlackElo "2461"]

1.e4 d5 2.exd5 Qxd5 3.Nc3 Qd6 4.d4 Nf6 5.Nf3 a6 6.g3 Bg4 7.Bg2 Nc6 8.d5 Ne5
9.Bf4 Nxf3+ 10.Bxf3 e5 11.Bxg4 exf4 12.Qe2+ Be7 13.Bf3 O-O 14.O-O-O Rfe8
15.Qc4 b5 16.Qxf4 Qxf4+ 17.gxf4 Bd6 18.Ne2 Re7 19.c3 Rae8 20.Nd4 Ne4 21.Rhf1 Bxf4+
22.Kc2 Ng5 23.Bg2 h5 24.h4 Nh7 25.Bf3 Nf6 26.a4 bxa4 27.Ra1 Bd6 28.Rxa4 Re1
29.Rxe1 Rxe1 30.Kd2 Rb1 31.b4 Bf4+ 32.Kd3 Rf1  1/2-1/2

[Event "Bundesliga 2012-13"]
[Site "Schwetzingen GER"]
[Date "2013.04.06"]
[Round "14"]
[White "Bacrot,E"]
[Black "Tiviakov,S"]
[Result "1-0"]
[WhiteElo "2705"]
[BlackElo "2659"]

1.e4 d5 2.exd5 Qxd5 3.Nc3 Qd6 4.d4 Nf6 5.Nf3 g6 6.Nb5 Qd8 7.Bf4 Na6 8.c4 Bg7
9.Be2 O-O 10.O-O Bf5 11.Re1 Re8 12.h3 c6 13.Nc3 Ne4 14.Qb3 Bxd4 15.Nxd4 Qxd4
16.Be3 Qd7 17.g4 Nxc3 18.Qxc3 Be6 19.Rad1 Qc7 20.Bh6 f6 21.Bf1 Bf7 22.g5 Nc5
23.gxf6 e5 24.Qe3 Ne6 25.Qxe5 Qxe5 26.Rxe5 Rad8 27.Rxd8 Nxd8 28.Re7 Rxe7
29.fxe7 Ne6 30.Be3 a6 31.Bb6 Be8 32.Bd8 Kf7 33.Kg2 Bd7 34.Kg3 Ke8 35.h4 Nxd8
36.exd8=Q+ Kxd8 37.Kf4 Ke7 38.Kg5 Bf5 39.c5 h5 40.b4 Kf7 41.Bc4+ Ke7 42.a3 Bb1
43.Be2 Ke6 44.Bd1 Bd3 45.Bb3+ Ke7 46.a4 Bb1 47.Bc4 Bc2 48.Be2 Ke6 49.Bc4+ Ke7
50.Bf1 Bf5 51.Be2 Ke6 52.Bc4+ Ke7 53.a5 Bc2 54.Kf4 Kf6 55.b5 axb5 56.Bxb5 Bf5
57.Bf1 Bd7 58.a6 bxa6 59.Bxa6 Be6 60.Bf1 Bc8 61.Bg2 Bd7 62.Bf3 Be8 63.Be4 Bd7
64.Bg2 Be8 65.Bh3 Bf7 66.Bd7 Bd5 67.Be8 Kg7 68.Kg5 Be4 69.f4 Kh7 70.Kf6 Kh6
71.Ke5 Bg2 72.Kd6  1-0

[Event "23rd ch-SLO 2013"]
[Site "Sentjur SLO"]
[Date "2013.04.06"]
[Round "2.31"]
[White "Trplan,Filip"]
[Black "Janzelj,Lara"]
[Result "0-1"]
[WhiteElo "1324"]
[BlackElo "1792"]

1.e4 d5 2.exd5 Qxd5 3.Nc3 Qd8 4.d4 Nf6 5.Nf3 c6 6.Bc4 g6 7.O-O Bg7 8.Bf4 O-O
9.Re1 b5 10.Bb3 Bb7 11.Be3 e6 12.Ne5 Qe7 13.Bg5 Qc7 14.Bxf6 Bxf6 15.Qf3 Bxe5
16.dxe5 Nd7 17.Qf4 Kg7 18.Ne4 c5 19.c3 Nxe5 20.Ng5 Nf3+ 21.Qxf3 Bxf3 22.gxf3 h6
23.Ne4 c4 24.Bc2 Rad8 25.Re2 Rd5 26.Rae1 Rfd8 27.Kf1 Qxh2 28.Ng3 h5 29.Be4 Rd2
30.f4 h4 31.Nh1 f5 32.Bb7 Rxe2 33.Kxe2 Qxf4 34.Kf1 e5 35.Bg2 Rd3 36.Bc6 e4
37.Bxe4 fxe4 38.Kg1 h3 39.Ng3 Rxg3+ 40.fxg3 Qxg3+ 41.Kf1 Qg2+  0-1

[Event "Sydney International Open 2013"]
[Site "Sydney AUS"]
[Date "2013.04.06"]
[Round "8.3"]
[White "Horvath,Ad1"]
[Black "Czebe,A"]
[Result "1/2-1/2"]
[WhiteElo "2509"]
[BlackElo "2479"]

1.e4 d5 2.exd5 Qxd5 3.Nc3 Qd6 4.d4 Nf6 5.Nf3 g6 6.g3 Bg7 7.Bg2 c6 8.O-O O-O
9.Re1 Na6 10.Bf4 Qd8 11.Qd2 Re8 12.Rad1 Nc7 13.h3 Ncd5 14.Nxd5 cxd5 15.Be5 h6
16.Bf4 Ne4  1/2-1/2

[Event "15th Dubai Open 2013"]
[Site "Dubai UAE"]
[Date "2013.04.07"]
[Round "1.21"]
[White "Shanava,K"]
[Black "Klyszcz,M"]
[Result "1-0"]
[WhiteElo "2578"]
[BlackElo "2029"]

1.e4 d5 2.exd5 Qxd5 3.Nc3 Qd6 4.d4 Nf6 5.Nf3 a6 6.g3 Bg4 7.h3 Bxf3 8.Qxf3 c6
9.Bd2 e6 10.O-O-O Be7 11.g4 Nbd7 12.g5 Nd5 13.Ne4 Qc7 14.c4 N5b6 15.Bf4 Qd8
16.Bd3 Na4 17.c5 e5 18.dxe5 Ndxc5 19.Nxc5 Bxc5 20.e6 Qd4 21.Be5 Qxf2 22.exf7+ Ke7
23.Qxf2 Bxf2 24.Bc2 Nc5 25.Bd6+  1-0

[Event "TCh-CRO II Liga 2013"]
[Site "Split CRO"]
[Date "2013.04.07"]
[Round "3.1"]
[White "Arapovic,V"]
[Black "Plenkovic,Z"]
[Result "0-1"]
[WhiteElo "2363"]
[BlackElo "2388"]

1.e4 d5 2.exd5 Qxd5 3.Nc3 Qd6 4.d4 Nf6 5.Bd3 g6 6.Nge2 Bg7 7.Bf4 Qb6 8.Qd2 O-O
9.O-O-O Nc6 10.Be3 Nb4 11.Kb1 Nxd3 12.Qxd3 Ng4 13.h3 Nxe3 14.Qxe3 Re8 15.Nd5 Qd6
16.Nec3 c6 17.Nf4 Bd7 18.Ne4 Qb4 19.Nd3 Qb6 20.Nec5 Rad8 21.Nxd7 Rxd7 22.c3 e5
23.f4 e4 24.g4 Rde7 25.Nc5 f5 26.Rdg1 Qb5 27.Rg3 b6 28.Nb3 Rf7 29.Re1 Ref8
30.gxf5 Qxf5 31.Nd2 Bh6 32.Rg4 Bxf4 33.Rxf4 Qxf4 34.Nxe4 Qxe3 35.Rxe3 Rf3  0-1

[Event "ch-ISR w 2013"]
[Site "Acre ISR"]
[Date "2013.04.08"]
[Round "3.3"]
[White "Vasiliev,Olg"]
[Black "Len,I"]
[Result "1-0"]
[WhiteElo "2243"]
[BlackElo "2091"]

1.e4 d5 2.exd5 Qxd5 3.Nc3 Qd8 4.d4 c6 5.Bc4 Nf6 6.Nf3 Bf5 7.h3 e6 8.O-O Be7
9.a4 O-O 10.Re1 Nd5 11.Ne2 Nb4 12.Bb3 c5 13.Ng3 Bg6 14.c3 Nd3 15.Re2 cxd4
16.Nxd4 e5 17.Ndf5 Bc5 18.Be3 Nc6 19.Rd2 Bxe3 20.Rxd3 Bxf2+ 21.Kxf2 Qb6+
22.Kf1 Kh8 23.Bd5 Rad8 24.Bxc6 bxc6 25.Rxd8 Rxd8 26.Qe2 Qb3 27.Qxe5 f6 28.Qe7 Rg8
29.Qe2 Re8 30.Qf2 a5 31.Kg1 h6 32.Qa7 Qg8 33.Rd1 Re5 34.Ne7 Qe8 35.Rd8 Re1+
36.Kf2 Qxd8 37.Nxg6+ Kh7 38.Kxe1 Kxg6 39.Ne2 Kh7 40.Qd4 Qe8 41.b4  1-0

[Event "FSFMB April 2013"]
[Site "Budapest HUN"]
[Date "2013.04.09"]
[Round "4.2"]
[White "Mayer,I"]
[Black "Lukacs,Albert"]
[Result "1/2-1/2"]
[WhiteElo "2029"]
[BlackElo "1874"]

1.e4 d5 2.exd5 Qxd5 3.Nc3 Qd6 4.Nf3 Bg4 5.Be2 Nc6 6.O-O Nf6 7.d4 a6 8.Be3 O-O-O
9.Ng5 Be6 10.Nxe6 Qxe6 11.Bf3  1/2-1/2

[Event "23rd ch-SLO 2013"]
[Site "Sentjur SLO"]
[Date "2013.04.09"]
[Round "5.31"]
[White "Petauer,Eva"]
[Black "Petauer,Zala"]
[Result "1-0"]
[WhiteElo "1576"]
[BlackElo "1342"]

1.e4 d5 2.exd5 Qxd5 3.Nc3 Qd6 4.d4 c6 5.Nf3 g6 6.g3 Bg7 7.Bg2 e5 8.dxe5 Bxe5
9.Nxe5 Qxe5+ 10.Be3 f5 11.O-O Be6 12.Bd4 Qc7 13.Bxh8 Nd7 14.Qe2 Qd6 15.Rfe1 Nf8  1-0

[Event "TCh-CAT Div Hon 2013"]
[Site "Catalonia ESP"]
[Date "2013.04.13"]
[Round "11.7"]
[White "Ramirez Garcia,J"]
[Black "Garcia Jimenez,F"]
[Result "1-0"]
[WhiteElo "2284"]
[BlackElo "2278"]

1.e4 d5 2.exd5 Qxd5 3.Nc3 Qd6 4.d4 Nf6 5.Nf3 Nc6 6.Nb5 Qd8 7.Ne5 a6 8.Nxc6 bxc6
9.Nc3 e6 10.Qf3 Bb7 11.Be3 Nd5 12.Bd3 Rb8 13.O-O Be7 14.Ne4 Nb4 15.Qg3 g6
16.Bf4 Nd5 17.Bh6 f5 18.Qe5 Kd7 19.Nc5+ Bxc5 20.dxc5 Qe7 21.Rad1 Rhg8 22.Rfe1 Rbe8
23.c4 g5 24.Bxf5 Kc8 25.cxd5 Qxc5 26.dxe6  1-0

[Event "4th LUCOPEN 2013"]
[Site "Lille FRA"]
[Date "2013.04.13"]
[Round "1.21"]
[White "Dumas,V"]
[Black "Sharif,Me"]
[Result "1/2-1/2"]
[WhiteElo "2067"]
[BlackElo "2441"]

1.e4 d5 2.exd5 Qxd5 3.Nc3 Qd6 4.d4 Nf6 5.Bd3 Nc6 6.Nge2 e5 7.Nb5 Qe7 8.O-O a6
9.dxe5 Nxe5 10.Nbc3 Bg4 11.Bf4 O-O-O 12.Bxe5 Qxe5 13.Qd2 Bd6 14.Ng3 Rhe8
15.Rfe1 Qf4 16.Qxf4 Bxf4 17.Nge4 Nxe4 18.Rxe4 Rxe4 19.Nxe4 Be5 20.Rb1 Re8
21.b3 h6 22.a4 Bd7 23.Re1 Bc6 24.Re2 g6 25.Nd2 Kd8 26.Nc4 Bc3 27.Rxe8+ Kxe8
28.Kf1 Ke7 29.f3 f5 30.Ke2 Ke6 31.Ne3 Be8 32.f4 c6 33.h4 h5 34.g3 Kd6 35.Bc4 b5
36.axb5 cxb5 37.Bg8 a5 38.Nd1 Bf6 39.Kd3 Kc5 40.c3 a4 41.b4+ Kd6 42.Ne3 Bc6
43.Nc2 Be4+ 44.Kd2 Bd5 45.Bxd5 Kxd5 46.Kd3 Bd8 47.Na3 Kc6 48.c4 bxc4+ 49.Kxc4 Bb6
50.Nb5 Bf2 51.Nd4+ Bxd4 52.Kxd4  1/2-1/2

[Event "14th TCh-RUS w 2013"]
[Site "Loo RUS"]
[Date "2013.04.13"]
[Round "5"]
[White "Ivkina,O"]
[Black "Baraeva,M"]
[Result "0-1"]
[WhiteElo "2269"]
[BlackElo "2176"]

1.e4 d5 2.exd5 Qxd5 3.Nc3 Qd6 4.d4 Nf6 5.Be2 c6 6.Nf3 Bf5 7.Ne5 Nbd7 8.Nc4 Qc7
9.g3 e5 10.dxe5 Nxe5 11.Bf4 Nfd7 12.Qd4 f6 13.Ne4 Bxe4 14.Qxe4 O-O-O 15.O-O-O h5
16.h4 Bc5 17.Bf1 b5 18.Nd2 Nb6 19.Bh3+ Kb7 20.Nb3 Na4 21.Bg2 Bb6 22.Rxd8 Rxd8
23.Qe2 Ka6 24.Qxh5 Bxf2 25.Qe2 Bb6 26.h5 Re8 27.Rh4 Nc5 28.Nd4 Ned3+ 29.cxd3 Rxe2
30.Nxe2 Nxd3+ 31.Kb1 Qe7 32.Nc1 Nxf4 33.Rxf4 Qe1 34.Rf1 Qd2 35.Be4 Bd4 36.Bc2 Qg2
37.Rd1 Be5 38.Nd3 Qxg3 39.Nxe5 Qxe5 40.Bg6 f5 41.Rd7 f4 42.Rf7 f3 43.Kc2 f2
44.Bd3 Qxh5  0-1

[Event "ch-ISR 2013"]
[Site "Acre ISR"]
[Date "2013.04.14"]
[Round "9.12"]
[White "Steinberg,N"]
[Black "Caspi,I"]
[Result "1/2-1/2"]
[WhiteElo "2425"]
[BlackElo "2461"]

1.e4 d5 2.exd5 Qxd5 3.Nc3 Qd6 4.d4 Nf6 5.Nf3 a6 6.Be2 Nc6 7.Be3 Bf5 8.Qd2 O-O-O
9.Bf4 Qd7 10.O-O-O e6 11.a3  1/2-1/2

[Event "ch-LAT 2013"]
[Site "Riga LAT"]
[Date "2013.04.14"]
[Round "2.1"]
[White "Antoms,G"]
[Black "Kovalenko,I"]
[Result "0-1"]
[WhiteElo "2376"]
[BlackElo "2596"]

1.e4 d5 2.exd5 Qxd5 3.Nc3 Qd6 4.Nf3 Nf6 5.Bc4 Nc6 6.d3 a6 7.h3 b5 8.Bb3 Bb7
9.O-O Na5 10.Re1 Nxb3 11.axb3 h6 12.Qe2 g5 13.Ne4 Nxe4 14.dxe4 Bg7 15.c3 O-O
16.h4 g4 17.Nd4 Qg6 18.Nf5 Rfe8 19.Bf4 e5 20.Bd2 h5 21.c4 Bc6 22.Bb4 Qf6
23.Rad1 Kh7 24.Qc2 Rac8 25.cxb5 Bxb5 26.Rd5 Re6 27.Nd6 Bf8 28.Red1 Bxd6 29.Bxd6 c6
30.Bb4 cxd5 31.Qxc8 Rc6 32.Qf8 Rc2 33.Bd2 d4 34.f4 g3 35.f5 Rc8 36.Bg5 Qxg5
37.Qxf7+ Qg7 38.Qxh5+ Qh6 39.Qf7+ Kh8  0-1